000 00331nam a22001457a 4500
008 210511b ||||| |||| 00| 0 eng d
020 _a9780070329331
041 _aeng
080 _a330.322
082 _a330.322
100 _a62
101 _aINV
245 _aIntroduction to Technical Analysis
_cPrings,M
942 _2udc
_cBK
999 _c57192
_d57192